The sciences : (Record no. 9531)

MARC details
000 -LEADER
fixed length control field 00649nam a22001937a 4500
003 - CONTROL NUMBER IDENTIFIER
control field OSt
005 - DATE AND TIME OF LATEST TRANSACTION
control field 20260421030356.0
008 - FIXED-LENGTH DATA ELEMENTS--GENERAL INFORMATION
fixed length control field 260421b |||||||| |||| 00| 0 eng d
020 ## - INTERNATIONAL STANDARD BOOK NUMBER
International Standard Book Number 9812-53-087-8
040 ## - CATALOGING SOURCE
Original cataloging agency DWC-Main lib.
Transcribing agency OC
082 ## - DEWEY DECIMAL CLASSIFICATION NUMBER
Classification number Circ. 500 T786 2004
100 ## - MAIN ENTRY--PERSONAL NAME
Personal name Trefil, James S.
245 ## - TITLE STATEMENT
Title The sciences :
Remainder of title an integrated approach/
Statement of responsibility, etc. James S. Trefil
260 ## - PUBLICATION, DISTRIBUTION, ETC.
Place of publication, distribution, etc. N.J. ;
Name of publisher, distributor, etc. John Wiley & Sons, Inc.,
Date of publication, distribution, etc. c2004.
300 ## - PHYSICAL DESCRIPTION
Extent xxiii, varous paging :
Other physical details illustrations ;
Dimensions 25 cm.
504 ## - BIBLIOGRAPHY, ETC. NOTE
Bibliography, etc. note Includes bibliographical references and index.
650 ## - SUBJECT ADDED ENTRY--TOPICAL TERM
Topical term or geographic name entry element 1. Science - Study and teaching (Higher).
942 ## - ADDED ENTRY ELEMENTS (KOHA)
Source of classification or shelving scheme Dewey Decimal Classification
Koha item type Book Circulation
Classification part Circ.
Suppress in OPAC No
952 ## - LOCATION AND ITEM INFORMATION (KOHA)
--
Holdings
Withdrawn status Lost status Source of classification or shelving scheme Damaged status Not for loan Home library Current library Shelving location Date acquired Source of acquisition Cost, normal purchase price Total Checkouts Full call number Barcode Date last seen Copy number Price effective from Koha item type Uniform Resource Identifier
    Dewey Decimal Classification     College Library College Library Circulation 06/11/2005 School Fund 798.00   Circ. 500 T786 2004 CL42056 04/21/2026 c1 04/21/2026 BK-CIRC